Culture générale française - Statistiques

Statistiques générales
  • Ce quiz a été pris 151 fois
  • Le résultat moyen est 24 sur 50
Statistiques - réponses
Categorie Question Réponse % Correct
Géographie Nommez un des deux bois de Paris. Bois de Vincennes | Bois de Boulogne
85%
Langue Quels est l’animal auquel on passe depuis le coq, afin de changer de sujet ? L’âne
81%
Histoire Quel livre a rendu D’Alembert et Diderot célèbres ? L’encyclopédie
79%
Langue De qui les chaussettes sont-elles sèches, archisèches ? L’archiduchesse
78%
Histoire À quelle dynastie appartenait Charlemagne ? Carolingiens
74%
Culture Qui joue Obélix dans "Astérix et Obélix : Mission Cléopâtre" ? Gérard Depardieu
72%
Culture Qui a chanté « Bella » et « Sapés comme jamais » ? Gims
72%
Géographie Quel pays possède la plus grande frontière terrestre avec la France ? Le Brésil
72%
Histoire Quelles est la ville dont le vase a été brisé par le premier roi de France ? Soissons
70%
Géographie Où trouve-t-on le Festival International de la bande dessinée ? Angoulême
65%
Géographie Quel est le nom du département le plus à l’Ouest de la France ? Finistère
65%
Culture Quel judoka français a gagné le plus de championnats du monde de judo ? Teddy Riner
65%
Politique Quel article de la constitution permet au gouvernement de passer une loi de force sur l’Assemblée Nationale ? 49.3
62%
Culture Finissez la phrase : « C’est le jeu, ma pauvre ____ » Lucette
61%
Politique Comment se nommaient les manifestants contre la montée des prix de l’essence en 2019 ? Gilets jaunes
59%
Histoire Où trouve-t-on une longue tapisserie contenant l’histoire de Richard Coeur de Lion ? Bayeux
58%
Langue Quelle organisation décide officiellement de la Langue Française ? L’Académie Française
58%
Culture Dans quelle série trouve-t-on Nounours, Nicolas et Pimprenelle ? Bonne nuit les petits
57%
Langue Comment s’appelle le petit de la laie ? Marcassin
57%
Culture Nommez un des 3 plus grands youtubeurs français. Tibo Inshape | Squeezie | Cyprien
57%
Histoire Qui était le premier ministre de Louis XIII et tuteur de Louis XIV ? Richelieu
56%
Histoire Quelle bataille a été remportée par Napoléon contre la Russie, l’Autriche et le Saint Empire Romain Germanique, alors qu’il était en infériorité numérique ? Austerlitz
55%
Politique Nommez un professeur mort les 5 dernières années dans un attentat islamiste. Samuel Paty | Dominique Bernard
55%
Culture Nommez un des six plus grands parcs d’attractions qui n’appartient pas à Disney. Parc Astérix | Futuroscope | Puy du Fou | Parc d’acclimatation
53%
Langue Quels sont les deux verbes qui peuvent avoir une terminaison en x ? Pouvoir | Vouloir
51%
Culture Nommez un des deux auteurs français connus pour leur relation homosexuelle. Rimbaud | Verlaine
51%
Géographie Comment surnomme-t-on les autoroutes A6 et A7, qui relient Paris et Marseille ? L’autoroute du soleil
48%
Politique Qui est le citoyen français le plus riche ? Bernard Arnault
47%
Histoire Quelle bataille est connue comme la plus grande victoire gauloise contre César ? Gergovie
47%
Histoire Qui était le premier président du Conseil National de la Résistance ? Jean Moulin
47%
Politique À quel parti appartient Yannick Jadot ? Les écologistes | Les verts
47%
Géographie Quelle est la plus grande station de ski en France? Courchevel / Les trois vallées
41%
Politique Qui aurait supposément financé la campagne de Nicolas Sarkozy en 2007 ? Muammar Kadhafi
41%
Culture Dans quelle comédie musicale trouve-t-on des chansons comme « le monde est stone » ou « Quand on n’a plus rien à perdre » ? Starmania
39%
Politique Qui était premier ministre durant la dernière cohabitation ? Lionel Jospin
38%
Géographie Quel est le 3e plus grand port de France, après Le Havre et Marseille ? Dunkerque
36%
Culture Quel a été le film français le plus rentable ? Intouchables
36%
Langue Selon cette dernière, quel mot-valise devrait-on utiliser à la place du verbe « spoiler » ? Divulgâcher
34%
Politique De quelle ville était Patrick Balkany maire ? Levallois-Perret
32%
Langue Nommez un des noms masculin au singulier, mais féminin au pluriel. Délice | Amour | Orgue
31%
Politique Si le gouvernement, le sénat, et l’assemblée nationale passent une loi, qui peut encore la refuser ? Le conseil constitutionnel
30%
Langue Quelle entreprise d’électroménager a donné son nom à ce qu’elle vendait ? Frigidaire
29%
Langue Comment dit-on Brest en breton ? Breizh
27%
Histoire Quelle bataille Franco-Prussienne mit un terme au règne de Napoléon III ? Sedan
22%
Géographie Nommez une ville jumelée avec Marseille (Indice: Ce sont presque toutes des villes portuaires) Abidjan | Anvers | Copenhague | Gênes | Haifa | Hambourg | Kobe | Dakar | Odessa | Le pirée | Shanghai | Marrakech | Glasgow | Tunis | Bethléem
19%
Politique Qui fut le candidat avec les pires résultats de l’élection présidentielle de 2022 ? Nathalie Arthaud
12%
Géographie Comment se nomment les îles au large d’Ajaccio ? Les îles sanguinaires
11%
Langue Quel est le deuxième langage le plus parlé en France ? Alsacien
7%
Géographie Quel est le point le plus au sud de la France ? Le pôle Sud
7%
Histoire Quelle est la ville dont le bombardement déclencha la guerre d’Indochine ? Haïphong
2%
Aucun quiz correspondant
Distribution des résultats
% des personnes avec chaque résultat
Percentile par nombre de réponses
Votre historique - résultats
Vous n’avez pas pris ce quiz